Секция B: Физическая химия межфазных слоев; VII Международный конгресс по поверхностно-активным веществам

書誌詳細
Parent link:VII Международный конгресс по поверхностно-активным веществам: тезисы. Секция B: Физическая химия межфазных слоев.— .— Москва: [Б. и.], 1976
その他の著者: Щукин Е.
要約:Часть докладов на русском языке, часть докладов на английском языке
言語:ロシア語
英語
出版事項: 1976
主題:
フォーマット: MixedMaterials 図書
KOHA link:https://koha.lib.tpu.ru/cgi-bin/koha/opac-detail.pl?biblionumber=682164

MARC

LEADER 00000nam2a2200000 4500
001 682164
005 20251009115018.0
090 |a 682164 
100 |a 20251009d1976 k||y0rusy50 ca 
101 0 |a rus  |a eng 
102 |a RU 
105 |a y z 100yy 
181 0 |a i   |b  e  
182 0 |a n 
183 0 |a nc  |2 RDAcarrier 
200 0 |a Секция B: Физическая химия межфазных слоев  |f рук. Е. Щукин 
203 |a Текст  |b визуальный  |c непосредственный 
210 |d 1976 
215 |a 154 с. 
283 |a volume  |2 RDAcarrier 
300 |a Часть докладов на русском языке, часть докладов на английском языке 
461 1 |0 682163  |9 682163  |t VII Международный конгресс по поверхностно-активным веществам  |o тезисы  |c Москва  |n [Б. и.]  |d 1976  |v Секция B: Физическая химия межфазных слоев 
606 |a Поверхностно-активные вещества  |9 87276 
610 1 |a межмолекулярные силы 
610 1 |a адсорбция 
610 1 |a мономолекулярные слои 
610 1 |a полимолекулярные слои 
610 1 |a межфазные явления 
610 1 |a когезия 
610 1 |a адгезия 
610 1 |a растворы 
610 1 |a свойства 
610 1 |a мицеллярные структуры 
610 1 |a конгрессы 
675 |a 661.185(063)  |v 4 
702 1 |4 300  |a Щукин  |b Е. 
801 0 |a RU  |b 63413507  |c 20251009 
830 |a Ретро2025Каталогизация Шило 
850 |a 63413507 
942 |c BK